02452nam a2200253Ia 450000500170000000800410001704000700005804100080012808200140013610000340015024201280018424501200031225000690043226001100050130000450061150007860065650502240144250600210166654600590168763000660174665000500181265000670186285602690192920180814105607.0130821s1619 be fr 1 lat  aCo-BoUCMbspacSandra Yazo (modificó)dSandra Yazo (modificó)0 alat04a223.92201 aGhislieri, Micheled1504-157200aComentarios de Miguel Ghisleri al Cantar de los Cantares de Salomón, según las versiones Vulgata, hebrea y griegasyspa10aMichaelis Ghislerii ... Commentaria in Canticum Canticorum Salomonis, iuxta lectiones Vulgatam, hebraeam, & graecas aAb auctore recognita et aucta [Revisada y ampliada por el autor] aAntuerpiae [Amberes] (Bélgica)bApud Ioannem Keerbergium [En los talleres de Iohannes Keerberger]c1619 a[140 ], 962, [72] páginasc37 x 25 cm. aDetalles físicos: Sin encuadernación original; actualmente encuadernación rígida (holandesa) en cartón duro forrado en papel jaspeado, lomo de tela encolada con adornos en dorado. Tapas con deterioro en esquinas. Ejemplar mútilo con faltante de páginas iniciales incluyendo la portada. Texto impreso en dos columnas, con diferentes tipos y tamaños de letra. Apostillas marginales. Párrafos marcados con letras mayúsculas. Cenefas y remates. Mayúsculas capitales. Signatura y reclamos. Al final colofón. En pág. 179 un grabado. Primeras y últimas páginas afectadas con roturas y faltante en bordes. Papel con algunas manchas, por oxidación de tintas. Pág. 42 perforaciones de insectos. Datos de publicación confirmado por la edición en línea.0 aGuía detallada para la predicación en festividades, celebraciones y oportunidades especiales, utilizando textos tomados del Cantar de los Cantares ; Comentario al Libro del Cantar de los Cantares: Capítulo 1 – 8 aConsulta en sala aTexto en latín con expresiones en hebreo y en griego13aBibliapA.T., Cantar de los CantaresxObras anteriores a 1800 7aHermeneutica biblicaxObras anteriores a 1800 7aSermones de festividades religiosas vObras anteriores a 180048uhttps://books.google.com.co/books?id=byJEAAAAcAAJ&printsec=frontcover&dq=Commentaria+in+Canticum+Canticorum+1619&hl=es-419&sa=X&ved=0ahUKEwjl38nW7uzcAhWLmlkKHTLbDiYQ6AEIKzAA#v=onepage&q=Commentaria%20in%20Canticum%20Canticorum%201619&f=falsezDisponible en línea